00752nam a2200217Ia 450000500170000000800410001702000190005808200200007710000190009724500700011625000390018630000430022549000230026865000290029165000420032026400490036233600270041133700330043833800280047104000350049920220317001210.0160825s2008 mx a g 000 0 spa  a9789681668901204a523.8875 bH11h1 aHacyan, Shahen14aLos hoyos negros y la curvatura del espacio-tiempocShahen Hacyan a3a. edición b3a. reimpresión  a130 páginas bilustraciones c21 cm  aCiencia para todos142LEMBaFisica cuántica 142LEMB aAgujeros negros (Astronomía) aMéxicobFondo de Cultura Económicac2008 atextobtxt2rdacontent asin mediaciónbn2rdamedia avolumenbnc2rdacarrier aCO-BoRNBPbspaerdacCO-BoRNBP